000 00712nam a2200229Ia 4500
008 170203s9999 xx 000 0 und d
020 _a0-849985757
050 _aFic
050 _bAn544r
100 _aAndersen, Hans Christian.
245 4 _aThe racers /
245 _cHans Christian Andersen ; illustrated by Tiziana Gironi ; translated from the original Danish text by Marlee Alex.
260 _aWaco, TX :
260 _bWord,
260 _c©1988.
300 _a22 pages :
300 _bcolor illustrations ;
300 _c28 cm.
440 _aTales of Hans Christian Andersen.
500 _a"Study key included"--Cover. ; "Creative character building"--Cover.
650 _aFairy tales.
999 _c306612
_d306612